Grenzen überqueren #1 - Statistiken

Allgemein
  • Dieses Quiz wurde 19.633 mal gespielt
  • Das Durchschnittsergebnis liegt bei 19 aus 24
Antwortstatistiken
Starte in Reisen Land % Korrekt
Vereinigte Staaten Nord Kanada
100%
Vereinigte Staaten Süd Mexiko
99%
Dänemark Süd Deutschland
93%
Schweden West Norwegen
93%
Finnland Ost Russland
92%
Litauen Nord Lettland
91%
Portugal Ost Spanien
90%
Argentinien West Chile
85%
Mongolei Süd China
85%
Uruguay West Argentinien
80%
Lesotho Irgendeine Richtung Südafrika
80%
Katar Süd Saudi-Arabien
79%
Ägypten Süd Sudan
79%
Nepal Nord China
78%
Ägypten West Libyen
78%
Moldawien Nord Ukraine
78%
Georgien Nord Russland
77%
Laos Ost Vietnam
75%
Dominikanische Republik West Haiti
74%
Syrien Nord Türkei
74%
Suriname Süd Brasilien
71%
Costa Rica Nord Nicaragua
71%
Kenia Süd Tansania
62%
Brunei Süd Malaysia
55%
Keine übereinstimmenden Quizze gefunden
Verteilung der Resultate
Anzahl Personen mit jedem Resultat
Perzentil nach korrekt beantworteten Fragen
Ihre Resultats-Entwicklung
Sie haben dieses Quiz noch nicht gespielt